[Event "Xtracon Chess Open 2016"]
[Site "Elsinore"]
[Date "2016.07.27"]
[Round "6.154"]
[White "Rasmussen, Morten(1956)"]
[Black "Kvaloy, Ola"]
[Result "1-0"]
[WhiteElo "1808"]
[BlackElo "1408"]
[PlyCount "55"]
[EventDate "2016.07.23"]

1. d4 Nf6 2. c4 e5 3. dxe5 Ng4 4. Bf4 Nc6 5. Nf3 Bb4+ 6. Nbd2 Qe7 7. e3 Bxd2+
8. Qxd2 Ngxe5 9. Nxe5 Nxe5 10. Be2 O-O 11. O-O d6 12. a3 Be6 13. Qc3 Ng6 14.
Bg3 Rac8 15. Rad1 Rfd8 16. Qa5 a6 17. Rd2 Qd7 18. Rc1 Qc6 19. Bf3 d5 20. Rdc2
b6 21. Qxa6 Ra8 22. Qb5 Qxb5 23. cxb5 Ra5 24. Bxc7 Rc8 25. Be2 Bd7 26. Bxb6
Rxc2 27. Rxc2 Ra8 28. Bc7 1-0

[Event "Xtracon Chess Open 2016"]
[Site "Elsinore"]
[Date "2016.07.27"]
[Round "6.155"]
[White "Kvaloy, Aksel Bu"]
[Black "Rasmussen, Jonas H"]
[Result "0-1"]
[WhiteElo "1533"]
[BlackElo "1805"]
[PlyCount "104"]
[EventDate "2016.07.23"]

1. e4 e5 2. Nf3 Nc6 3. d4 exd4 4. Bc4 Bc5 5. Ng5 Ne5 6. Bxf7+ Nxf7 7. Nxf7 Bb4+
8. c3 dxc3 9. bxc3 Bxc3+ 10. Nxc3 Kxf7 11. Qd5+ Kf8 12. e5 Qe7 13. O-O c6 14.
Qf3+ Qf7 15. Ba3+ Ne7 16. Qe3 h6 17. Ne4 Kg8 18. Nd6 Qe6 19. f4 Nf5 20. Qe4
Nxd6 21. Bxd6 b6 22. f5 Qd5 23. Qg4 Qf7 24. Rae1 Kh7 25. e6 dxe6 26. fxe6 Qg6
27. Qc4 c5 28. Qd5 Ba6 29. Rf3 Rad8 30. Rg3 Qf6 31. Qe4+ g6 32. Rf3 Qd4+ 33.
Qxd4 cxd4 34. e7 Rde8 35. Rf7+ Kg8 36. Rf8+ Kh7 37. Re6 Bc4 38. Ref6 d3 39. Kf2
d2 40. R6f7+ Bxf7 41. Rxf7+ Kg8 42. Rf8+ Kh7 43. Ke2 Rhxf8 44. Kxd2 Rf7 45. Kd3
Rfxe7 46. Kd4 Rd7 47. Kd5 Red8 48. Kc6 Rxd6+ 49. Kc7 R8d7+ 50. Kc8 Rg7 51. g4
Rf6 52. g5 Rf8# 0-1

[Event "Xtracon Chess Open 2016"]
[Site "Elsinore"]
[Date "2016.07.27"]
[Round "6.158"]
[White "Trasti, Nora Christine"]
[Black "Rasdal, Yngve"]
[Result "0-1"]
[WhiteElo "1367"]
[BlackElo "1794"]
[PlyCount "78"]
[EventDate "2016.07.23"]

1. d4 e6 2. c4 f5 3. Nc3 Nf6 4. g3 Be7 5. Nf3 O-O 6. Bg2 d6 7. O-O Ne4 8. d5
Nxc3 9. bxc3 e5 10. h4 h6 11. e4 Qe8 12. Qc2 Qg6 13. Kh2 Na6 14. Re1 Nc5 15.
Ng1 fxe4 16. Be3 Nd3 17. Rf1 b6 18. Bh3 Bf5 19. Bxf5 Rxf5 20. Rad1 Rh5 21. f3
Bxh4 22. gxh4 Rxh4+ 23. Nh3 Qf5 24. Qg2 Nf4 25. Bxf4 Qxf4+ 26. Qg3 exf3 27.
Rxf3 Qxg3+ 28. Rxg3 Rxc4 29. Nf2 Rf8 30. Rd2 g5 31. Ng4 Kg7 32. Rc2 Kg6 33. Ne3
Rcf4 34. c4 h5 35. Rcg2 g4 36. a4 Rf3 37. Nc2 Rxg3 38. Kxg3 Rf3+ 39. Kh4 Rh3#
0-1

[Event "Xtracon Chess Open 2016"]
[Site "Elsinore"]
[Date "2016.07.27"]
[Round "6.160"]
[White "Petersen, Jan"]
[Black "Choong, Liong-On Mark"]
[Result "1/2-1/2"]
[WhiteElo "1694"]
[BlackElo "1944"]
[PlyCount "49"]
[EventDate "2016.07.23"]

1. d4 Nf6 2. c4 g6 3. Nc3 Bg7 4. e3 d6 5. Bd3 Nbd7 6. Nf3 c6 7. O-O O-O 8. Qc2
a6 9. Bd2 b5 10. Ne4 Bb7 11. Qc3 Nxe4 12. Bxe4 bxc4 13. Qa5 Qxa5 14. Bxa5 d5
15. Bc2 e5 16. Bb4 Rfe8 17. Bc3 e4 18. Nd2 Bh6 19. Ba5 f5 20. Rfe1 Nf6 21. b3
cxb3 22. Nxb3 Nd7 23. Rab1 Rac8 24. Bb4 Bf8 25. Na5 1/2-1/2

[Event "Xtracon Chess Open 2016"]
[Site "Elsinore"]
[Date "2016.07.27"]
[Round "6.161"]
[White "Stam, Bart"]
[Black "Birkestrand, Odd H"]
[Result "1-0"]
[WhiteElo "1929"]
[BlackElo "1676"]
[PlyCount "67"]
[EventDate "2016.07.23"]

1. e4 g6 2. d4 Bg7 3. Nc3 d6 4. f4 e6 5. Nf3 Nf6 6. Bd3 a6 7. a4 b6 8. O-O O-O
9. f5 Nbd7 10. fxe6 fxe6 11. Bc4 Qe8 12. Ng5 Nb8 13. e5 Nh5 14. Rxf8+ Qxf8 15.
Nxe6 Bxe6 16. Bxe6+ Kh8 17. exd6 Qxd6 18. d5 Nd7 19. Bxd7 Qxd7 20. Be3 Re8 21.
Qd3 Nf6 22. Rd1 Ng4 23. Bd4 a5 24. Bxg7+ Qxg7 25. Qg3 h5 26. h3 Nh6 27. d6 cxd6
28. Qxd6 Nf5 29. Qxb6 Qe5 30. Qf2 h4 31. Rd5 Qe6 32. Rxa5 Ng3 33. Qd4+ Kh7 34.
Qxh4+ 1-0

[Event "Xtracon Chess Open 2016"]
[Site "Elsinore"]
[Date "2016.07.27"]
[Round "6.162"]
[White "Bjarnason, Larus H"]
[Black "Skjoldager, Flemming"]
[Result "1/2-1/2"]
[WhiteElo "1586"]
[BlackElo "1926"]
[PlyCount "177"]
[EventDate "2016.07.23"]

1. f4 Nf6 2. Nf3 c5 3. d3 g6 4. e4 d6 5. Be2 Bg7 6. O-O O-O 7. Nc3 Nc6 8. a3 b6
9. Be3 Ng4 10. Bd2 Nd4 11. h3 Nxf3+ 12. gxf3 Bd4+ 13. Kg2 Ne3+ 14. Bxe3 Bxe3
15. Nd5 Bd4 16. c3 Bg7 17. Qe1 e6 18. Ne3 Bh6 19. Qg3 Qf6 20. Ng4 Qxf4 21.
Nxh6+ Qxh6 22. f4 Bb7 23. h4 f5 24. Bf3 fxe4 25. Bxe4 d5 26. Bf3 Qxf4 27. Rae1
Qxg3+ 28. Kxg3 Rae8 29. Rf2 Kg7 30. Rfe2 Rf6 31. c4 Ref8 32. Bg2 R8f7 33. Rxe6
Rxe6 34. Rxe6 dxc4 35. Bxb7 Rxb7 36. dxc4 Rd7 37. Re3 Kh6 38. Re4 Rd2 39. b4
Rd3+ 40. Kg4 Rxa3 41. bxc5 bxc5 42. Re5 Ra5 43. Rd5 Kg7 44. Kf4 Kf6 45. Ke4 Ke6
46. h5 Ra1 47. Rxc5 Kd6 48. Rd5+ Kc6 49. hxg6 hxg6 50. Rg5 Re1+ 51. Kd4 Re6 52.
Ra5 Kb6 53. Rb5+ Kc7 54. Kd5 Rf6 55. Kd4 a6 56. Rg5 Kb6 57. Kc3 Kc6 58. Kb4 Kb7
59. c5 Kc7 60. Ka5 Kd7 61. Rd5+ Kc7 62. Rg5 Rc6 63. Rd5 Kc8 64. Rg5 Kd7 65. Kb4
Ke7 66. Rd5 Ke6 67. Rg5 Kf6 68. Rd5 g5 69. Kc4 Re6 70. Rd8 Ke7 71. Rb8 Rg6 72.
Kd5 Kd7 73. Rb7+ Kc8 74. c6 g4 75. Ra7 a5 76. Kc5 g3 77. Kb6 Kb8 78. Rb7+ Kc8
79. Rc7+ Kd8 80. Rd7+ Ke8 81. Kb7 Rg4 82. Kb8 Rc4 83. Rg7 Rxc6 84. Rxg3 Kd7 85.
Kb7 Rc4 86. Rd3+ Ke6 87. Kb6 a4 88. Kb5 Re4 89. Ra3 1/2-1/2

[Event "Xtracon Chess Open 2016"]
[Site "Elsinore"]
[Date "2016.07.27"]
[Round "6.163"]
[White "Johansen, Johnny Holler"]
[Black "Gjare, Vidar"]
[Result "1/2-1/2"]
[WhiteElo "1919"]
[BlackElo "1646"]
[PlyCount "116"]
[EventDate "2016.07.23"]

1. d4 Nf6 2. Nf3 e6 3. c4 b6 4. g3 Ba6 5. b3 d5 6. cxd5 exd5 7. Bg2 Bb4+ 8. Bd2
Qe7 9. O-O Nbd7 10. Bxb4 Qxb4 11. Nbd2 O-O 12. Re1 Rfe8 13. Rc1 Rac8 14. Bh3 c5
15. Ne5 Rc7 16. Ndf3 Bc8 17. Bg2 Bb7 18. a4 Rec8 19. Nd3 Qa5 20. dxc5 bxc5 21.
Nd2 Qb6 22. Qc2 Ba6 23. Nf4 Qd6 24. Qf5 Bb7 25. Rcd1 Qe5 26. Qxe5 Nxe5 27. Nf1
c4 28. bxc4 dxc4 29. Bxb7 Rxb7 30. Rb1 Rcb8 31. Rxb7 Rxb7 32. Rd1 g5 33. Nd5
Nxd5 34. Rxd5 f6 35. f4 gxf4 36. gxf4 Ng6 37. Rc5 Rb4 38. a5 Ra4 39. e3 c3 40.
Rxc3 Rxa5 41. Rc7 Ra2 42. Ng3 Nh4 43. Ne4 Nf3+ 44. Kf1 Nxh2+ 45. Ke1 Ng4 46. f5
h5 47. Rc8+ Kg7 48. Rc7+ Kf8 49. Rh7 h4 50. Rxh4 Nxe3 51. Rh6 Nd5 52. Nxf6 Nxf6
53. Rxf6+ Ke7 54. Rh6 a5 55. Ra6 a4 56. Kd1 a3 57. Kc1 Ra1+ 58. Kc2 Rf1 1/2-1/2

[Event "Xtracon Chess Open 2016"]
[Site "Elsinore"]
[Date "2016.07.27"]
[Round "6.164"]
[White "Lindsjorn, Yngve"]
[Black "French, Max"]
[Result "0-1"]
[WhiteElo "1582"]
[BlackElo "1908"]
[PlyCount "128"]
[EventDate "2016.07.23"]

1. e4 c6 2. d4 d5 3. exd5 cxd5 4. Bd3 Nc6 5. c3 Nf6 6. Bf4 Bg4 7. Nf3 Bxf3 8.
Qxf3 e6 9. Nd2 h6 10. O-O Bd6 11. Bxd6 Qxd6 12. Rfe1 O-O 13. a4 Rad8 14. Qg3
Rfe8 15. Qxd6 Rxd6 16. f4 Nd7 17. b4 Rc8 18. Rac1 a5 19. b5 Na7 20. Nb3 Nb6 21.
Nc5 Rc7 22. Bc2 Nd7 23. Nxd7 Rcxd7 24. g4 Re7 25. Kf2 Nc8 26. Re3 Rd8 27. Ree1
Rde8 28. Kf3 Nd6 29. Bb3 Kf8 30. Re2 b6 31. h3 Rc7 32. f5 Ne4 33. fxe6 fxe6 34.
Rec2 Rec8 35. Kf4 Rxc3 36. Rxc3 Rxc3 37. Rxc3 Nxc3 38. Bc2 Ke7 39. Ke5 Ne2 40.
Bd1 Ng1 41. h4 Nh3 42. h5 Ng5 43. Be2 Nf7+ 44. Kf4 Kf6 45. Bf3 Nd6 46. Be2 Nc4
47. Bd1 e5+ 48. dxe5+ Nxe5 49. Be2 Nf7 50. Bd3 Ng5 51. Bc2 Ne6+ 52. Ke3 Ke5 53.
Bf5 Nc5 54. Bc2 d4+ 55. Kf3 d3 56. Bd1 Kd4 57. Kf4 Ne6+ 58. Kf5 Nf8 59. Kf4 d2
60. Kf3 Ne6 61. Ke2 Kc3 62. Ke3 Nd4 63. Ke4 Nc2 64. Kd5 Ne3+ 0-1

[Event "Xtracon Chess Open 2016"]
[Site "Elsinore"]
[Date "2016.07.27"]
[Round "6.165"]
[White "Hansen, Tommy"]
[Black "Rasmussen, Bjarne Berring"]
[Result "1-0"]
[WhiteElo "1835"]
[BlackElo "1634"]
[PlyCount "77"]
[EventDate "2016.07.23"]

1. e4 c6 2. d4 d5 3. exd5 cxd5 4. c4 Nf6 5. Nc3 e6 6. Nf3 Nc6 7. c5 Be7 8. Bb5
Bd7 9. Bg5 O-O 10. O-O Ne4 11. Bxe7 Nxc3 12. bxc3 Qxe7 13. Re1 a6 14. Ba4 Rfb8
15. Rb1 Na5 16. Bxd7 Qxd7 17. Ne5 Qc7 18. Rb6 f6 19. Qa4 fxe5 20. Qxa5 exd4 21.
cxd4 Re8 22. Qb4 e5 23. Rxb7 Rab8 24. Rxb8 Rxb8 25. Qa4 a5 26. f3 h6 27. Rxe5
Rb4 28. Qd1 Qb7 29. Qd3 Rb1+ 30. Kf2 Rb2+ 31. Kg3 Rxa2 32. Qg6 Qc7 33. Kh3 Qd7+
34. g4 Kf8 35. Rf5+ Kg8 36. Re5 Kf8 37. c6 Qc8 38. Rf5+ Kg8 39. Rf7 1-0

[Event "Xtracon Chess Open 2016"]
[Site "Elsinore"]
[Date "2016.07.27"]
[Round "6.166"]
[White "Calderon, Paul"]
[Black "Morling, Aase"]
[Result "1-0"]
[WhiteElo "1828"]
[BlackElo "1539"]
[PlyCount "71"]
[EventDate "2016.07.23"]

1. c4 e5 2. g3 Nf6 3. Bg2 Nc6 4. Nc3 Bb4 5. Nd5 Bc5 6. a3 a6 7. d3 O-O 8. Bg5
d6 9. e3 Bf5 10. Be4 Bxe4 11. dxe4 Re8 12. h4 Re6 13. h5 h6 14. Bxf6 gxf6 15.
Qg4+ Kh7 16. Nf3 Ne7 17. Nh4 c6 18. Nxe7 Rxe7 19. Nf5 Qg8 20. Qxg8+ Rxg8 21.
Nxe7 Rg4 22. b4 Ba7 23. Rh4 Rg5 24. Ke2 c5 25. Rd1 cxb4 26. axb4 Bb8 27. Nd5
Kg7 28. Rg1 f5 29. exf5 e4 30. g4 f6 31. Ne7 b5 32. cxb5 axb5 33. Rc1 Kf7 34.
Ng6 d5 35. Rc5 Bd6 36. Rxb5 1-0

[Event "Xtracon Chess Open 2016"]
[Site "Elsinore"]
[Date "2016.07.27"]
[Round "6.167"]
[White "Opseth, Oliver"]
[Black "Densing, Gerd"]
[Result "1-0"]
[WhiteElo "1545"]
[BlackElo "1814"]
[PlyCount "53"]
[EventDate "2016.07.23"]

1. d4 e6 2. c4 Nf6 3. Nc3 Bb4 4. Nf3 b6 5. a3 Bxc3+ 6. bxc3 h6 7. g3 Bb7 8. Bg2
O-O 9. O-O Ne4 10. Qc2 Qc8 11. Ne5 f5 12. Ng6 Rf7 13. g4 Nd6 14. d5 Nxc4 15.
Qd3 Nd6 16. dxe6 dxe6 17. gxf5 Bxg2 18. fxe6 Bxf1 19. exf7+ Kxf7 20. Kxf1 Nd7
21. Bf4 Qb7 22. f3 Qc6 23. Rd1 Rc8 24. Bxd6 Qxd6 25. Qf5+ Qf6 26. Rxd7+ Kg8 27.
Qxf6 1-0

[Event "Xtracon Chess Open 2016"]
[Site "Elsinore"]
[Date "2016.07.27"]
[Round "6.168"]
[White "Rose, Dennis Lauge"]
[Black "Wanvik, Tim"]
[Result "1-0"]
[WhiteElo "1814"]
[BlackElo "1479"]
[PlyCount "75"]
[EventDate "2016.07.23"]

1. f4 d5 2. Nf3 Nf6 3. e3 e6 4. d4 c5 5. c3 b6 6. Bd3 Bb7 7. O-O Be7 8. Ne5 Nc6
9. Nd2 Qc7 10. Ndf3 Nd7 11. Nxd7 Qxd7 12. Ne5 Nxe5 13. fxe5 Bg5 14. Qf3 O-O 15.
Qh5 Bh6 16. Rf3 Qe8 17. Rg3 Kh8 18. Qh4 f5 19. exf6 Rxf6 20. b3 Qf7 21. Ba3
cxd4 22. cxd4 Rc8 23. Qg4 Rf2 24. Rf1 Rxf1+ 25. Bxf1 Qg6 26. Qh4 Qf6 27. Qh5
Qf5 28. Qe2 Rc2 29. Qe1 g5 30. Rf3 Qg6 31. Bd6 Bg7 32. Qg3 Rxa2 33. Be5 h5 34.
Bxg7+ Qxg7 35. Qb8+ Kh7 36. Qe8 Bc6 37. Bd3+ Kh6 38. Qxe6+ 1-0

[Event "Xtracon Chess Open 2016"]
[Site "Elsinore"]
[Date "2016.07.27"]
[Round "6.169"]
[White "Gaure, Sigurd Lauvas"]
[Black "Nielsen, Jens Holm"]
[Result "0-1"]
[WhiteElo "1514"]
[BlackElo "1801"]
[PlyCount "104"]
[EventDate "2016.07.23"]

1. e4 d5 2. exd5 Qxd5 3. Nc3 Qd6 4. d4 Nf6 5. Be3 g6 6. d5 Bg7 7. Nb5 Qd8 8.
Bxa7 O-O 9. c4 c6 10. dxc6 Qxd1+ 11. Rxd1 bxc6 12. Bxb8 Rxb8 13. Nd4 Rxb2 14.
Nxc6 Ne4 15. Nxe7+ Kh8 16. Ne2 Nc3 17. Rc1 Nxa2 18. Rd1 Nc3 19. Rc1 Nxe2 20.
Bxe2 Re8 21. Nxc8 Rexe2+ 22. Kf1 Rxf2+ 23. Ke1 Rfc2 24. Rxc2 Rxc2 25. Rf1 Rc1+
26. Ke2 Rxc4 27. Nd6 Rc2+ 28. Kd3 Rxg2 29. Rxf7 Rxh2 30. Re7 Bf8 31. Re8 Kg7
32. Ne4 h6 33. Ke3 g5 34. Kf3 Rh3+ 35. Kg4 Rh4+ 36. Kf5 Kf7 37. Ra8 Rf4+ 38.
Ke5 Bg7+ 39. Kd5 Kg6 40. Ng3 h5 41. Ra7 Bf6 42. Ne4 h4 43. Nxf6 Rxf6 44. Ke4 g4
45. Ra8 g3 46. Rh8 Kg5 47. Rg8+ Rg6 48. Rxg6+ Kxg6 49. Kf3 Kh5 50. Kg2 Kg4 51.
Kg1 h3 52. Kf1 g2+ 0-1

[Event "Xtracon Chess Open 2016"]
[Site "Elsinore"]
[Date "2016.07.27"]
[Round "6.170"]
[White "Rasmussen, Henning"]
[Black "Narheim, Mats"]
[Result "1-0"]
[WhiteElo "1779"]
[BlackElo "1467"]
[PlyCount "71"]
[EventDate "2016.07.23"]

1. d4 Nf6 2. c4 e6 3. Nf3 c5 4. e3 d5 5. cxd5 exd5 6. Bb5+ Bd7 7. Bxd7+ Qxd7 8.
Ne5 Qc7 9. Nc3 Bd6 10. Qa4+ Nc6 11. Nb5 Qb8 12. Nxd6+ Qxd6 13. O-O O-O 14. Nxc6
bxc6 15. dxc5 Qxc5 16. Bd2 Rab8 17. Rac1 Qb6 18. Rxc6 Qb7 19. Bc3 Ne4 20. Bd4
Nd2 21. Rfc1 Nc4 22. b3 Nb6 23. Bxb6 axb6 24. Rc7 Qa8 25. Qxa8 Rxa8 26. a4 Rfd8
27. Kf1 d4 28. exd4 h6 29. Rd1 Rd5 30. Rb7 Ra6 31. Rb8+ Kh7 32. Ke2 Kg6 33. Ke3
Kf5 34. Rb7 Kf6 35. Rc1 b5 36. Rxb5 1-0

[Event "Xtracon Chess Open 2016"]
[Site "Elsinore"]
[Date "2016.07.27"]
[Round "6.171"]
[White "Rendlev, Niels Moller"]
[Black "Hestholm, Sverre"]
[Result "1-0"]
[WhiteElo "1771"]
[BlackElo "1418"]
[PlyCount "71"]
[EventDate "2016.07.23"]

1. g3 d5 2. f4 Nf6 3. Bg2 Nc6 4. d3 Bf5 5. h3 h5 6. Nf3 Qd7 7. Ne5 Nxe5 8. fxe5
Ng8 9. Nc3 e6 10. e4 dxe4 11. Nxe4 O-O-O 12. Bd2 Be7 13. Qf3 Qc6 14. O-O-O f6
15. Bc3 Bxe4 16. dxe4 f5 17. Rxd8+ Bxd8 18. Rd1 Qxe4 19. Qf2 Bg5+ 20. Kb1 Qe3
21. Qf1 Qb6 22. Qd3 Ne7 23. h4 Qe3 24. Qd7+ Kb8 25. hxg5 Qxg5 26. Qxe6 Qg4 27.
Qd7 Nc6 28. Bxc6 bxc6 29. Qd3 h4 30. gxh4 Rxh4 31. a3 f4 32. Qd8+ Kb7 33. Rd7
Rh1+ 34. Ka2 Qg1 35. Qxc7+ Ka6 36. Qa5# 1-0

[Event "Xtracon Chess Open 2016"]
[Site "Elsinore"]
[Date "2016.07.27"]
[Round "6.172"]
[White "Bratteteig, Tore Inge"]
[Black "Larsen, Alex"]
[Result "1-0"]
[WhiteElo "1710"]
[BlackElo "1442"]
[PlyCount "107"]
[EventDate "2016.07.23"]

1. d4 Nf6 2. c4 e6 3. Nf3 Bb4+ 4. Bd2 a5 5. a3 Bxd2+ 6. Qxd2 d6 7. Nc3 Bd7 8.
g3 Nc6 9. Bg2 Ne7 10. e4 Ng6 11. O-O h5 12. h4 Ng4 13. b4 a4 14. c5 f5 15. exf5
exf5 16. Rfe1+ Kf8 17. Ng5 f4 18. Qa2 Qf6 19. Ne6+ Bxe6 20. Qxe6 Qxe6 21. Rxe6
Kf7 22. Bd5 c6 23. Ba2 d5 24. Rae1 Ne3 25. Rd6 Nc2 26. Ree6 Rh6 27. Bb1 Nxd4
28. Rxg6 Rxg6 29. Bxg6+ Ke7 30. Bxh5 fxg3 31. fxg3 Nc2 32. Bg4 Nxa3 33. Rd7+
Kf6 34. Rxb7 Nc4 35. b5 d4 36. Na2 cxb5 37. Rxb5 Ne5 38. Rb6+ Ke7 39. Bh3 Nf3+
40. Kf2 Nd2 41. Rb7+ Kf6 42. c6 Ne4+ 43. Ke2 Nxg3+ 44. Kd3 Nf5 45. Bxf5 Kxf5
46. c7 Rc8 47. Kxd4 Ke6 48. Kc5 Kd7 49. Kd5 Rxc7 50. Rxc7+ Kxc7 51. Ke6 Kd8 52.
Kf7 a3 53. Kxg7 Ke7 54. h5 1-0

[Event "Xtracon Chess Open 2016"]
[Site "Elsinore"]
[Date "2016.07.27"]
[Round "6.173"]
[White "Kharraziha, Hamid"]
[Black "Kristensen, Lars Ostergaard"]
[Result "1-0"]
[WhiteElo "1427"]
[BlackElo "1710"]
[PlyCount "71"]
[EventDate "2016.07.23"]

1. e4 c6 2. d4 d5 3. Nc3 dxe4 4. Nxe4 Nf6 5. Nxf6+ gxf6 6. Nf3 Bf5 7. Bd3 Bg6
8. Bf4 Na6 9. Qd2 Nc7 10. O-O-O Qd7 11. Rhe1 O-O-O 12. Kb1 e6 13. Bg3 Nd5 14.
Qa5 Bd6 15. Bxd6 Qxd6 16. Qxa7 Qb4 17. Qc5 Bxd3 18. Rxd3 Qxc5 19. dxc5 Nf4 20.
Rxd8+ Rxd8 21. g3 Nh3 22. Rf1 Nxf2 23. b4 Ne4 24. Kb2 h6 25. a4 Kc7 26. a5 Rd5
27. Ra1 Rh5 28. a6 bxa6 29. Rxa6 Rf5 30. Nd4 Rf2 31. Ra7+ Kc8 32. Nxc6 Rxh2 33.
Rxf7 Rg2 34. Na7+ Kb8 35. c6 Nd6 36. c7+ 1-0

[Event "Xtracon Chess Open 2016"]
[Site "Elsinore"]
[Date "2016.07.27"]
[Round "6.174"]
[White "Tjora, Alexander"]
[Black "Dittrich, Hans-Georg"]
[Result "1-0"]
[WhiteElo "1411"]
[BlackElo "1795"]
[PlyCount "41"]
[EventDate "2016.07.23"]

1. d4 e6 2. c4 b6 3. e4 Bb7 4. Nc3 Bb4 5. f3 f5 6. Bd3 Qh4+ 7. g3 Qe7 8. Qe2
Nc6 9. Be3 Bxc3+ 10. bxc3 e5 11. d5 Na5 12. exf5 Nf6 13. Bg5 O-O-O 14. Nh3 h6
15. Bxf6 Qxf6 16. O-O d6 17. Nf2 Kb8 18. Rab1 Bc8 19. Qc2 Rdf8 20. Qa4 Bxf5 21.
Qxa5 1-0

[Event "Xtracon Chess Open 2016"]
[Site "Elsinore"]
[Date "2016.07.27"]
[Round "6.175"]
[White "Lavrsen, Frands Winther"]
[Black "Jensen, Jonbert"]
[Result "1-0"]
[WhiteElo "1851"]
[BlackElo "1492"]
[PlyCount "83"]
[EventDate "2016.07.23"]

1. e4 d6 2. Bc4 Nf6 3. Nc3 g6 4. Nf3 Bg7 5. O-O O-O 6. d4 Bg4 7. h3 Bxf3 8.
Qxf3 e5 9. dxe5 dxe5 10. Bg5 c6 11. Rad1 Qe7 12. Rd2 Na6 13. Bxa6 bxa6 14. Rfd1
Rfd8 15. Rxd8+ Rxd8 16. Rxd8+ Qxd8 17. Be3 Qc7 18. Qe2 Qb7 19. b3 Bf8 20. Qc4
Nd7 21. a4 Nb6 22. Qd3 c5 23. Qd8 Qc8 24. Qxc8 Nxc8 25. Nd5 Nb6 26. Nc7 c4 27.
Nxa6 cxb3 28. cxb3 Bd6 29. Kf1 Kf8 30. Ke2 Ke8 31. Kd3 Kd7 32. a5 Nc8 33. Kc4
Kc6 34. b4 Kb7 35. b5 Ne7 36. Bc5 Bxc5 37. Kxc5 Nc8 38. Kd5 f5 39. exf5 Ne7+
40. Kxe5 gxf5 41. Ke6 Nc8 42. Kd7 1-0

[Event "Xtracon Chess Open 2016"]
[Site "Elsinore"]
[Date "2016.07.27"]
[Round "6.176"]
[White "Overmark, Ole"]
[Black "Edwardsson, Hannu Kalervo"]
[Result "1-0"]
[WhiteElo "1775"]
[BlackElo "1451"]
[PlyCount "77"]
[EventDate "2016.07.23"]

1. e4 e5 2. Nf3 d6 3. d4 exd4 4. Nxd4 Nf6 5. Nc3 Be7 6. Bc4 O-O 7. O-O c5 8.
Nf5 Bxf5 9. exf5 Nc6 10. Bf4 Ne5 11. Bxe5 dxe5 12. Qe2 Qc7 13. Nb5 Qb8 14. Rad1
a6 15. Nc3 Qc7 16. Rfe1 Rad8 17. Rxd8 Rxd8 18. Qxe5 Bd6 19. Qe2 Bxh2+ 20. Kh1
Bd6 21. Qf3 b5 22. Bf1 g6 23. fxg6 Kg7 24. gxh7 Nxh7 25. Qg4+ Kf8 26. Qh4 Kg7
27. g3 Qd7 28. Re4 f5 29. Re6 Qxe6 30. Qxd8 f4 31. Qh4 fxg3 32. fxg3 Qe1 33.
Qg4+ Kh8 34. Kg2 c4 35. Ne4 Bf8 36. Be2 Qc1 37. Qh5 Qxc2 38. Ng5 Qf5 39. Nf7+
1-0

[Event "Xtracon Chess Open 2016"]
[Site "Elsinore"]
[Date "2016.07.27"]
[Round "6.177"]
[White "Sidali, Elias Hulleberg"]
[Black "Sebastian, Andreas"]
[Result "1-0"]
[WhiteElo "1491"]
[BlackElo "1754"]
[PlyCount "59"]
[EventDate "2016.07.23"]

1. e4 c5 2. Nf3 g6 3. d4 cxd4 4. Qxd4 Nf6 5. Nc3 Nc6 6. Qa4 d6 7. e5 dxe5 8.
Nxe5 Qd4 9. Nxc6 Qxa4 10. Nxa4 bxc6 11. b3 Bf5 12. Ba6 Rb8 13. Bf4 Rb4 14. c4
Ne4 15. f3 Nd6 16. O-O-O h5 17. Rhe1 Be6 18. Nc5 Rb8 19. a4 Bh6 20. Bxh6 Rxh6
21. a5 Rb4 22. Nxe6 fxe6 23. Rxe6 Kd7 24. Re3 c5 25. Rd5 Rh8 26. Red3 Kc6 27.
Re5 Rhb8 28. Kc2 Nf5 29. Bb5+ Kc7 30. Rxc5+ 1-0

[Event "Xtracon Chess Open 2016"]
[Site "Elsinore"]
[Date "2016.07.27"]
[Round "6.178"]
[White "Nielsen, Leo"]
[Black "Thybo, Jan"]
[Result "1-0"]
[WhiteElo "1749"]
[BlackElo "1382"]
[PlyCount "125"]
[EventDate "2016.07.23"]

1. e4 g6 2. d4 d6 3. Bc4 Bg7 4. Nf3 a6 5. Ng5 e6 6. Qf3 Nh6 7. d5 e5 8. Qb3 Nd7
9. O-O Nc5 10. Qa3 b5 11. Bxb5+ Bd7 12. Bxd7+ Qxd7 13. f4 f6 14. b4 fxg5 15.
bxc5 gxf4 16. c6 Qe7 17. Nd2 O-O 18. Nf3 Nf7 19. c4 g5 20. Bd2 g4 21. Ne1 Ng5
22. Qd3 h5 23. Rb1 Rab8 24. Rb3 h4 25. c5 h3 26. cxd6 Qxd6 27. g3 Qc5+ 28. Kh1
Rxb3 29. axb3 f3 30. Bxg5 f2 31. Nc2 Rf3 32. Be3 Qf8 33. Qd2 Rxg3 34. Rxf2 Rf3
35. Ne1 Rxf2 36. Qxf2 Qb4 37. Qe2 Qxe4+ 38. Kg1 Qxd5 39. Qxa6 Qxb3 40. Bf2 Kh7
41. Qd3+ Qxd3 42. Nxd3 Kg6 43. Bg3 Kf5 44. Nc5 Bf8 45. Nd7 Bd6 46. Kf2 Ke6 47.
Ke3 Kd5 48. Ke2 Kxc6 49. Nxe5+ Kd5 50. Nxg4 Bxg3 51. hxg3 c5 52. Nh2 Ke4 53.
Nf1 c4 54. Nd2+ Kd4 55. g4 c3 56. Nf3+ Ke4 57. Nh2 Kf4 58. Kd3 Kg3 59. g5 Kxh2
60. g6 Kg2 61. g7 h2 62. g8=Q+ Kh1 63. Ke2 1-0

[Event "Xtracon Chess Open 2016"]
[Site "Elsinore"]
[Date "2016.07.27"]
[Round "6.179"]
[White "Amarapala, Anton"]
[Black "Rolstad, Morten"]
[Result "0-1"]
[WhiteElo "1487"]
[BlackElo "1720"]
[PlyCount "112"]
[EventDate "2016.07.23"]

1. d4 Nf6 2. c4 Nc6 3. Nf3 e6 4. e3 Bb4+ 5. Bd2 Bxd2+ 6. Nbxd2 d6 7. Bd3 O-O 8.
O-O e5 9. d5 Nb4 10. Bb1 a5 11. a3 Na6 12. e4 Nc5 13. h3 a4 14. Re1 Bd7 15. b3
axb3 16. Nxb3 Ba4 17. Bc2 Bxb3 18. Bxb3 Nfxe4 19. Qc2 f5 20. a4 Ra5 21. Ra3 Qe7
22. Re2 b6 23. Nd2 Nxd2 24. Rxd2 Qg5 25. Ba2 f4 26. Bb1 g6 27. f3 Rfa8 28. Qd1
Rxa4 29. Rxa4 Rxa4 30. Ra2 Rxa2 31. Bxa2 Qd8 32. Bb3 Nd7 33. Ba4 Nf6 34. Qd3
Nh5 35. Qb1 Ng3 36. Bc2 Kg7 37. Bd3 Qa8 38. Qb2 Qa5 39. Kf2 Qc5+ 40. Ke1 Qg1+
41. Kd2 Qxg2+ 42. Kc3 Qxh3 43. Qb5 Qc8 44. Qb2 Qa6 45. Kc2 Qa4+ 46. Kc3 Qa5+
47. Kc2 Qc5 48. Kb3 Qe3 49. Qc2 Nf5 50. Qd1 Qxf3 51. Qb1 Nd4+ 52. Kc3 Qg4 53.
Qa2 Qd7 54. Qg2 Qa4 55. Qg5 Qa3+ 56. Kd2 Nf3+ 0-1

[Event "Xtracon Chess Open 2016"]
[Site "Elsinore"]
[Date "2016.07.27"]
[Round "6.180"]
[White "Larsen, Mette Dalsgaard"]
[Black "Nielsen, Bent K"]
[Result "1-0"]
[WhiteElo "1715"]
[BlackElo "1349"]
[PlyCount "51"]
[EventDate "2016.07.23"]

1. d4 d5 2. c4 Nf6 3. Nf3 e6 4. e3 c5 5. cxd5 cxd4 6. Bb5+ Bd7 7. Bxd7+ Qxd7 8.
dxe6 Bb4+ 9. Bd2 Bxd2+ 10. Qxd2 Qxe6 11. Nxd4 Qd7 12. O-O O-O 13. Nc3 Rd8 14.
Qe2 Nc6 15. Rfd1 Nxd4 16. Rxd4 Qc6 17. Rad1 Rxd4 18. Rxd4 Nd7 19. Qd2 Rd8 20.
Rd6 Qc8 21. h3 Kf8 22. Qd4 Ke8 23. Qxg7 Nc5 24. Qg8+ Ke7 25. Rxd8 Qxd8 26. Qg5+
1-0

[Event "Xtracon Chess Open 2016"]
[Site "Elsinore"]
[Date "2016.07.27"]
[Round "6.181"]
[White "Ornebjerg, Henrik"]
[Black "Palozza, Flavio"]
[Result "1-0"]
[WhiteElo "1687"]
[BlackElo "1342"]
[PlyCount "55"]
[EventDate "2016.07.23"]

1. e4 g6 2. d4 Bg7 3. Nf3 c6 4. Nc3 d5 5. Bd3 Bg4 6. Be3 Qb6 7. exd5 cxd5 8.
Nxd5 Qd6 9. Bc4 e6 10. Nc3 Qb4 11. Bb3 Nc6 12. a3 Qa5 13. O-O Rd8 14. d5 exd5
15. Re1 Nge7 16. Bg5 f6 17. Bd2 Rd7 18. h3 Bxf3 19. Qxf3 Nd4 20. Qg3 Nxb3 21.
cxb3 a6 22. Re6 O-O 23. Ne4 Qd8 24. Nc5 Nf5 25. Qd3 Rdf7 26. Rae1 Nd6 27. Qxd5
Re7 28. Rxd6+ 1-0

[Event "Xtracon Chess Open 2016"]
[Site "Elsinore"]
[Date "2016.07.27"]
[Round "6.182"]
[White "Joensen, Sigurd"]
[Black "Hestholm, Gustav"]
[Result "1-0"]
[WhiteElo "1615"]
[BlackElo "1055"]
[PlyCount "125"]
[EventDate "2016.07.23"]

1. e4 d5 2. exd5 Qxd5 3. Nc3 Qd6 4. d3 Nf6 5. Nf3 Bg4 6. Be2 Nbd7 7. O-O c6 8.
h3 Bh5 9. Be3 e6 10. a3 Qc7 11. Qd2 Bd6 12. Nd4 Bxe2 13. Ncxe2 Nb6 14. Nb3 O-O
15. Bc5 Bxc5 16. Nxc5 Nbd5 17. Ne4 Rad8 18. Nxf6+ Nxf6 19. Nc3 Nd5 20. Nxd5
Rxd5 21. Qe3 Qe5 22. Rfe1 Qxe3 23. Rxe3 Rfd8 24. b4 c5 25. b5 Ra8 26. a4 a6 27.
c4 Rd6 28. Kf1 axb5 29. cxb5 Rb6 30. Ree1 Rd6 31. Ke2 Rd4 32. Rec1 Rdxa4 33.
Rxa4 Rxa4 34. Rxc5 Ra8 35. Rc7 Rb8 36. Ke3 Kf8 37. Ke4 Ke8 38. Ke5 Kf8 39. d4
Ke8 40. Kd6 Rd8+ 41. Ke5 Rb8 42. f4 Kf8 43. g4 Ke8 44. h4 Kf8 45. f5 exf5 46.
gxf5 Ke8 47. d5 Kf8 48. d6 Ke8 49. Kf4 Kf8 50. Kg5 h6+ 51. Kh5 Ke8 52. f6 gxf6
53. Kxh6 Rd8 54. Rxb7 Rxd6 55. Kg7 f5 56. Rxf7 Rb6 57. Rf8+ Ke7 58. Rxf5 Rd6
59. h5 Rd8 60. h6 Rd7 61. Rf7+ Ke8 62. Rxd7 Kxd7 63. h7 1-0